[Event "Oberliga Nord N 1920"]
[Site "Germany"]
[Date "2021.08.14"]
[Round "8.7"]
[White "Buchholz, Sebastian"]
[Black "Lampe, Joerg"]
[Result "1/2-1/2"]
[WhiteElo "2151"]
[BlackElo "2119"]
[PlyCount "57"]
[EventDate "2019.09.29"]
[EventType "team-tourn"]
[EventRounds "9"]
[EventCountry "GER"]
[SourceTitle "EXT 2023"]
[Source "ChessBase"]
[SourceDate "2022.10.05"]
[SourceVersion "1"]
[SourceVersionDate "2022.10.05"]
[SourceQuality "1"]
[WhiteTeam "Kiel Doppelbauer"]
[BlackTeam "Hamburg Koenigsspringer"]
[WhiteTeamCountry "GER"]
[BlackTeamCountry "GER"]

1. c4 e6 2. g3 d5 3. Bg2 c5 4. Nf3 Nc6 5. 0-0 Nf6 6. Na3 Be7 7. b3 0-0 8. Bb2 b6 9. cxd5 exd5 10. d4 Bb7 11. Rc1 Rc8 12. dxc5 bxc5 13. Bxf6 Bxf6 14. Bh3 Rb8 15. Nb5 Qe7 16. Nc3 Rfd8 17. Qd2 d4 18. Na4 d3 19. exd3 Nb4 20. Ne1 Bd4 21. Bg2 Ba6 22. Nc3 Bxd3 23. Nxd3 Nxd3 24. Nd5 Rxd5 25. Bxd5 Nxc1 26. Rxc1 Rd8 27. Bc4 Qf6 28. Qe2 h5 29. Rf1 1/2-1/2

[Event "Oberliga Nord N 1718"]
[Site "Germany"]
[Date "2018.04.15"]
[Round "9.7"]
[White "Lampe, Joerg"]
[Black "Rieling, Thomas"]
[Result "1-0"]
[WhiteElo "2120"]
[BlackElo "2088"]
[PlyCount "73"]
[EventDate "2017.10.08"]
[EventType "team-tourn"]
[EventRounds "9"]
[EventCountry "GER"]
[SourceTitle "EXT 2019"]
[Source "ChessBase"]
[SourceDate "2018.10.10"]
[SourceVersion "1"]
[SourceVersionDate "2018.10.10"]
[SourceQuality "1"]
[WhiteTeam "Hamburg Koenigsspringer"]
[BlackTeam "Hamburg Diogenes"]
[WhiteTeamCountry "GER"]
[BlackTeamCountry "GER"]

1. e4 e5 2. Nf3 Nc6 3. d4 exd4 4. Nxd4 Nf6 5. Nc3 Bb4 6. Nxc6 bxc6 7. Bd3 d5 8. exd5 cxd5 9. 0-0 0-0 10. Bg5 c6 11. Qf3 Be7 12. h3 h6 13. Bf4 Be6 14. Rfd1 Qb6 15. b3 Kh8 16. Na4 Qa5 17. c3 Rac8 18. Bc2 Qa6 19. b4 Ne4 20. Qe3 Rfe8 21. f3 Ng5 22. h4 Nh7 23. Bxh6 Bxh4 24. Nc5 Qb6 25. Qd3 g6 26. Be3 Bf5 27. Bd4+ Bf6 28. Bxf6+ Nxf6 29. Qd4 Bxc2 30. Qxf6+ Kg8 31. Rd2 Bf5 32. g4 Qc7 33. Rg2 Re3 34. gxf5 Rce8 35. Ne6 Qe5 36. Qxe5 Rxe5 37. Nd4 1-0

[Event "Oberliga Nord N 1718"]
[Site "Germany"]
[Date "2017.11.12"]
[Round "3.8"]
[White "Lampe, Joerg"]
[Black "Kull, Florian"]
[Result "0-1"]
[WhiteElo "2120"]
[BlackElo "2153"]
[PlyCount "68"]
[EventDate "2017.10.08"]
[EventType "team-tourn"]
[EventRounds "9"]
[EventCountry "GER"]
[SourceTitle "EXT 2019"]
[Source "ChessBase"]
[SourceDate "2018.10.10"]
[SourceVersion "1"]
[SourceVersionDate "2018.10.10"]
[SourceQuality "1"]
[WhiteTeam "Hamburg Koenigsspringer"]
[BlackTeam "Hamburg SF"]
[WhiteTeamCountry "GER"]
[BlackTeamCountry "GER"]

1. e4 e6 2. d4 d5 3. Nd2 Nc6 4. Ngf3 Nf6 5. e5 Nd7 6. c3 f6 7. exf6 Qxf6 8. Bb5 Bd6 9. 0-0 0-0 10. Nb3 e5 11. Bg5 Qf7 12. Bh4 e4 13. Ne1 Nf6 14. Nc2 Bg4 15. Qd2 Ne7 16. Bg3 Bxg3 17. hxg3 c6 18. Be2 Qh5 19. f3 exf3 20. Bxf3 Nf5 21. Qf2 Nd6 22. Ne3 Nde4 23. Bxe4 Nxe4 24. Qe1 Rxf1+ 25. Nxf1 Rf8 26. Nbd2 Re8 27. Qe3 Nf6 28. Qf4 Qf5 29. Qxf5 Bxf5 30. Kf2 Ng4+ 31. Kf3 g5 32. c4 h5 33. cxd5 Bd3 34. dxc6 Be2# 0-1

[Event "Oberliga Nord N 1516"]
[Site "Germany"]
[Date "2016.04.10"]
[Round "9.7"]
[White "Wenzel, Birger"]
[Black "Lampe, Joerg"]
[Result "0-1"]
[WhiteElo "1952"]
[BlackElo "2165"]
[PlyCount "78"]
[EventDate "2015.09.20"]
[EventType "team-tourn"]
[EventRounds "9"]
[EventCountry "GER"]
[SourceTitle "EXT 2017"]
[Source "ChessBase"]
[SourceDate "2016.10.25"]
[SourceVersion "1"]
[SourceVersionDate "2016.10.25"]
[SourceQuality "1"]
[WhiteTeam "Eppendorf Johanneum"]
[BlackTeam "Hamburg Koenigsspringer"]
[WhiteTeamCountry "GER"]
[BlackTeamCountry "GER"]

1. d4 d5 2. c4 e6 3. Nf3 c5 4. cxd5 exd5 5. Nc3 Nc6 6. e3 Nf6 7. Be2 Be7 8. 0-0 0-0 9. b3 Bg4 10. dxc5 Bxc5 11. Bb2 a6 12. Rc1 Ba7 13. h3 Be6 14. Na4 Qd6 15. Re1 Rad8 16. Bf1 b5 17. Bxf6 gxf6 18. Nc3 Kh8 19. Ne2 Rg8 20. Kh1 d4 21. Nexd4 Nxd4 22. Nxd4 Bxd4 23. Qxd4 Qxd4 24. exd4 Rxd4 25. Red1 Rgd8 26. Rxd4 Rxd4 27. f3 Rd2 28. a4 bxa4 29. bxa4 a5 30. Rc5 Rd1 31. Kg1 Ra1 32. Kf2 Rxa4 33. g4 Kg7 34. Bd3 Ra1 35. Ke3 a4 36. Ra5 a3 37. Bf5 a2 38. Bxe6 fxe6 39. Kf4 Kg6 0-1

[Event "Oberliga Nord N 1516"]
[Site "Germany"]
[Date "2016.03.13"]
[Round "8.7"]
[White "Lampe, Joerg"]
[Black "Zum Felde, Michael"]
[Result "1-0"]
[WhiteElo "2165"]
[BlackElo "2175"]
[PlyCount "39"]
[EventDate "2015.09.20"]
[EventType "team-tourn"]
[EventRounds "9"]
[EventCountry "GER"]
[SourceTitle "EXT 2017"]
[Source "ChessBase"]
[SourceDate "2016.10.25"]
[SourceVersion "1"]
[SourceVersionDate "2016.10.25"]
[SourceQuality "1"]
[WhiteTeam "Hamburg Koenigsspringer"]
[BlackTeam "Bargteheide"]
[WhiteTeamCountry "GER"]
[BlackTeamCountry "GER"]

1. e4 e5 2. Nf3 Nf6 3. d4 Nxe4 4. Bd3 d5 5. Nxe5 Nf6 6. 0-0 Be7 7. Nd2 0-0 8. Re1 b6 9. c3 c6 10. Ndf3 Ng4 11. h3 Nxe5 12. Nxe5 g6 13. Bh6 Re8 14. Qf3 Be6 15. Nxg6 hxg6 16. Rxe6 fxe6 17. Bxg6 Rf8 18. Qh5 Rf6 19. Bg7 Rxg6 20. Qxg6 1-0

[Event "Oberliga Nord N 1516"]
[Site "Germany"]
[Date "2015.10.11"]
[Round "2.7"]
[White "Riess, Alexander"]
[Black "Lampe, Joerg"]
[Result "0-1"]
[WhiteElo "2268"]
[BlackElo "2165"]
[PlyCount "58"]
[EventDate "2015.09.20"]
[EventType "team-tourn"]
[EventRounds "9"]
[EventCountry "GER"]
[SourceTitle "CBM 170 Extra"]
[Source "ChessBase"]
[SourceDate "2016.02.25"]
[SourceVersion "1"]
[SourceVersionDate "2016.02.25"]
[SourceQuality "1"]
[WhiteTeam "Luebeck"]
[BlackTeam "Hamburg Koenigsspringer"]
[WhiteTeamCountry "GER"]
[BlackTeamCountry "GER"]

1. d4 d5 2. c4 e6 3. Nc3 c5 4. cxd5 exd5 5. Nf3 Nc6 6. dxc5 d4 7. Na4 Bxc5 8. Nxc5 Qa5+ 9. Bd2 Qxc5 10. b4 Qb6 11. Qa4 a6 12. Ne5 Qb5 13. Qxb5 axb5 14. Nxc6 bxc6 15. Bf4 Nf6 16. Be5 Nd5 17. Bxg7 Nxb4 18. Kd2 Rg8 19. Bxd4 Bf5 20. e4 Bxe4 21. Re1 f5 22. a3 Rxa3 23. Bc5 Ra2+ 24. Kc3 Na6 25. Bb6 Kd7 26. f3 Bd5 27. Bd3 Rgxg2 28. Bxf5+ Kd6 29. Be3 Ra3+ 0-1

[Event "Oberliga Nord N 1415"]
[Site "Germany"]
[Date "2015.01.18"]
[Round "5.3"]
[White "Boe, Mads"]
[Black "Lampe, Joerg"]
[Result "1-0"]
[WhiteElo "2353"]
[BlackElo "2168"]
[PlyCount "115"]
[EventDate "2014.09.21"]
[EventType "team-tourn"]
[EventRounds "9"]
[EventCountry "GER"]
[SourceTitle "EXT 2016"]
[Source "ChessBase"]
[SourceDate "2015.10.08"]
[SourceVersion "1"]
[SourceVersionDate "2015.10.08"]
[SourceQuality "1"]
[WhiteTeam "Kiel Turm"]
[BlackTeam "Hamburg Koenigsspringer"]
[WhiteTeamCountry "GER"]
[BlackTeamCountry "GER"]

1. e4 c5 2. c3 Nf6 3. e5 Nd5 4. d4 cxd4 5. Qxd4 e6 6. Nf3 Nc6 7. Qe4 f5 8. Qe2 a6 9. g3 Qc7 10. Bg2 b5 11. 0-0 Bb7 12. Rd1 Be7 13. Nbd2 0-0 14. Nf1 Na5 15. Ne3 Rac8 16. Nxd5 Bxd5 17. Bf4 Nc4 18. h4 h6 19. h5 d6 20. exd6 Bxd6 21. Bxd6 Nxd6 22. Rd4 f4 23. Rxf4 Rxf4 24. gxf4 Qf7 25. Ne5 Qxf4 26. Ng6 Qg5 27. f4 Qg3 28. Ne7+ Kf7 29. Nxc8 Nxc8 30. Rd1 Ne7 31. Rd3 Qh4 32. Rh3 Qxf4 33. Bxd5 Qc1+ 34. Qf1+ Qxf1+ 35. Kxf1 Nxd5 36. Kf2 Nf4 37. Rh4 Nd3+ 38. Ke3 Nxb2 39. Rf4+ Ke7 40. Rg4 Kf7 41. Kd4 Nc4 42. a4 Nb6 43. axb5 axb5 44. Kc5 Nd5 45. Rg3 Nf4 46. Rf3 e5 47. Kxb5 Ke6 48. c4 Nxh5 49. c5 e4 50. Rf1 Nf6 51. c6 Nd5 52. Kc5 e3 53. Rd1 e2 54. Re1 Nf4 55. Kb6 Kd6 56. Rxe2 Nxe2 57. c7 Nf4 58. c8Q 1-0

[Event "Oberliga Nord N 1415"]
[Site "Germany"]
[Date "2014.09.21"]
[Round "1.6"]
[White "Lampe, Joerg"]
[Black "Hasselmann, Dieter"]
[Result "1/2-1/2"]
[WhiteElo "2168"]
[BlackElo "2120"]
[PlyCount "40"]
[EventDate "2014.09.21"]
[EventType "team-tourn"]
[EventRounds "9"]
[EventCountry "GER"]
[SourceTitle "EXT 2016"]
[Source "ChessBase"]
[SourceDate "2015.10.08"]
[SourceVersion "1"]
[SourceVersionDate "2015.10.08"]
[SourceQuality "1"]
[WhiteTeam "Hamburg Koenigsspringer"]
[BlackTeam "Schwerin II"]
[WhiteTeamCountry "GER"]
[BlackTeamCountry "GER"]

1. e4 e5 2. Nf3 Nf6 3. d4 Nxe4 4. Bd3 d5 5. Nxe5 Nd7 6. Nxd7 Bxd7 7. 0-0 Be7 8. Nc3 Nxc3 9. bxc3 0-0 10. Rb1 b6 11. Qh5 f5 12. Re1 Bf6 13. Qf3 c6 14. Bf4 g5 15. Qg3 Rf7 16. Bxg5 Bxg5 17. h4 Rg7 18. hxg5 Rxg5 19. Qe5 Qf8 20. Qe7 Rg7 1/2-1/2

[Event "Hamburg St Pauli op-A"]
[Site "Hamburg"]
[Date "2010.07.14"]
[Round "6"]
[White "Feuerstack, Aljoscha"]
[Black "Lampe, Joerg"]
[Result "1-0"]
[WhiteElo "2371"]
[BlackElo "2183"]
[PlyCount "57"]
[EventDate "2010.07.10"]
[EventType "swiss"]
[EventRounds "9"]
[EventCountry "GER"]
[SourceTitle "EXT 2013"]
[Source "ChessBase"]
[SourceDate "2012.11.22"]
[SourceVersion "1"]
[SourceVersionDate "2012.11.22"]
[SourceQuality "1"]

1. e4 c5 2. Nf3 Nc6 3. c3 Nf6 4. e5 Nd5 5. Bc4 Nb6 6. Bb3 d5 7. exd6 Qxd6 8. 0-0 Be6 9. Bxe6 Qxe6 10. a4 a6 11. a5 Nd5 12. d4 cxd4 13. Nxd4 Qd7 14. Nxc6 Qxc6 15. Qe2 e6 16. c4 Nf6 17. b3 Be7 18. Bb2 0-0 19. Nd2 Rfd8 20. Bc3 Nd5 21. Be5 Nb4 22. Qg4 Bf8 23. Ne4 f5 24. Nf6+ Kh8 25. Qh4 h6 26. Qh5 Be7 27. Ne8 Bg5 28. Qg6 Qxe8 29. Qxg7# 1-0

[Event "Hamburg St Pauli op-A"]
[Site "Hamburg"]
[Date "2010.07.14"]
[Round "5"]
[White "Kalinitschew, Sergey"]
[Black "Lampe, Joerg"]
[Result "1/2-1/2"]
[WhiteElo "2462"]
[BlackElo "2183"]
[PlyCount "96"]
[EventDate "2010.07.10"]
[EventType "swiss"]
[EventRounds "9"]
[EventCountry "GER"]
[SourceTitle "EXT 2013"]
[Source "ChessBase"]
[SourceDate "2012.11.22"]
[SourceVersion "1"]
[SourceVersionDate "2012.11.22"]
[SourceQuality "1"]

1. d4 d5 2. c4 e6 3. Nf3 c5 4. cxd5 exd5 5. Nc3 Nc6 6. Bg5 f6 7. Bc1 Bg4 8. e3 cxd4 9. exd4 Bb4 10. Be2 Nge7 11. h3 Be6 12. 0-0 0-0 13. Na4 b6 14. Bf4 Ng6 15. Bh2 Bd6 16. Rc1 Rc8 17. Re1 Bxh2+ 18. Nxh2 Qd6 19. Nc3 Nf4 20. Ba6 Rce8 21. Qd2 g5 22. Bb5 Bd7 23. Bxc6 Bxc6 24. Ng4 Bd7 25. Rxe8 Rxe8 26. Re1 Rxe1+ 27. Qxe1 Bxg4 28. hxg4 Qd7 29. Qd1 Qe6 30. g3 Ng6 31. Qa4 a5 32. Qb5 Ne7 33. Qe8+ Kg7 34. Kf1 Qd6 35. a3 f5 36. Nb5 Qf6 37. Qd7 fxg4 38. Nc7 Qf7 39. Ne6+ Kg6 40. Nd8 Qf6 41. Ne6 Nf5 42. Ke2 Nxd4+ 43. Nxd4 Qxd4 44. Qe8+ Kg7 45. Qe7+ Kg6 46. Qe8+ Kg7 47. Qe7+ Kg6 48. Qe8+ Kg7 1/2-1/2

[Event "Travemuende op 26th"]
[Site "Travemuende"]
[Date "2009.12.28"]
[Round "3"]
[White "Lampe, Joerg"]
[Black "Rabiega, Robert"]
[Result "0-1"]
[WhiteElo "2191"]
[BlackElo "2502"]
[PlyCount "58"]
[EventDate "2009.12.27"]
[EventType "swiss"]
[EventRounds "7"]
[EventCountry "GER"]
[SourceTitle "CBM 134 Extra"]
[Source "ChessBase"]
[SourceDate "2010.03.03"]
[SourceVersion "1"]
[SourceVersionDate "2010.03.03"]
[SourceQuality "1"]

1. e4 e5 2. Nf3 Nc6 3. d4 exd4 4. Nxd4 Nf6 5. Nxc6 bxc6 6. e5 Qe7 7. Qe2 Nd5 8. c4 Nb6 9. b3 a5 10. Bb2 a4 11. Nd2 axb3 12. axb3 Rxa1+ 13. Bxa1 Qa3 14. Qd1 Bb4 15. Bd3 Qa5 16. Ke2 d6 17. Nf3 Bg4 18. h3 Bxf3+ 19. Kxf3 dxe5 20. Be4 0-0 21. g4 Bc3 22. Kg2 Bxa1 23. Qxa1 Qc5 24. Rd1 g6 25. Qb1 Nc8 26. Rd7 Nd6 27. Rxc7 Qd4 28. Bxc6 Qb6 29. Re7 Qxc6+ 0-1

[Event "Kiel op 21th"]
[Site "Kiel"]
[Date "2008.08.09"]
[Round "2"]
[White "Harder, Clemens"]
[Black "Lampe, Joerg"]
[Result "1/2-1/2"]
[WhiteElo "1972"]
[BlackElo "2200"]
[PlyCount "44"]
[EventDate "2008.08.09"]
[EventType "swiss"]
[EventRounds "9"]
[EventCountry "GER"]
[SourceTitle "EXT 2009"]
[Source "ChessBase"]
[SourceDate "2008.11.26"]
[SourceVersion "1"]
[SourceVersionDate "2008.11.26"]
[SourceQuality "1"]

1. d4 Nf6 2. c4 c5 3. d5 e6 4. Nc3 exd5 5. Nxd5 Nxd5 6. cxd5 d6 7. e4 g6 8. Bd2 Bg7 9. Qc2 0-0 10. Nf3 Bg4 11. Be2 Nd7 12. Bc3 Re8 13. Bxg7 Kxg7 14. 0-0 Nf6 15. h3 Bxf3 16. Bxf3 Qe7 17. Rfe1 Qe5 18. Re3 b5 19. Rae1 Re7 20. g3 Rae8 21. Bg2 c4 22. Qd2 Nd7 1/2-1/2

[Event "Hamburg Koenigsspringer Elo op 5th"]
[Site "Hamburg"]
[Date "2007.05.17"]
[Round "2"]
[White "Lampe, Joerg"]
[Black "Weiss, Siegfried"]
[Result "1-0"]
[WhiteElo "2195"]
[BlackElo "2078"]
[PlyCount "103"]
[EventDate "2007.05.17"]
[EventType "swiss"]
[EventRounds "7"]
[EventCountry "GER"]
[SourceTitle "EXT 2009"]
[Source "ChessBase"]
[SourceDate "2008.11.26"]
[SourceVersion "1"]
[SourceVersionDate "2008.11.26"]
[SourceQuality "1"]

1. e4 e6 2. d4 d5 3. Nd2 Nf6 4. Bd3 c5 5. c3 Nc6 6. Ngf3 Be7 7. 0-0 cxd4 8. cxd4 a6 9. Re1 Qb6 10. e5 Nd7 11. Nb3 a5 12. a4 Nb4 13. Bb1 Qd8 14. Bf4 b6 15. Qd2 h6 16. Be3 Ba6 17. Nc1 Rc8 18. Ne2 Nb8 19. Nc3 Qd7 20. h3 Bc4 21. Nh2 N8c6 22. Nf1 Na7 23. Ng3 h5 24. Bg5 h4 25. Nf1 Rh5 26. Bxe7 Qxe7 27. f4 Bxf1 28. Rxf1 f5 29. exf6 Qxf6 30. f5 Qh6 31. Qxh6 Rxh6 32. fxe6 Rf6 33. Rxf6 gxf6 34. Bg6+ Ke7 35. Rf1 Rc4 36. Rf4 Nac6 37. Nb5 Rc1+ 38. Kh2 Nd8 39. Rxh4 Kxe6 40. g4 f5 41. Bxf5+ Kf6 42. Rh8 Nf7 43. Rg8 Rd1 44. Rg6+ Ke7 45. Re6+ Kf8 46. Rxb6 Rd2+ 47. Kg3 Rxb2 48. h4 Rb3+ 49. Kf4 Rh3 50. h5 Rh1 51. Nc7 Rf1+ 52. Kg3 1-0

[Event "Oberliga Nord N 0607"]
[Site "Germany"]
[Date "2007.03.18"]
[Round "7.4"]
[White "Lampe, Joerg"]
[Black "Bente, Bjoern"]
[Result "1-0"]
[WhiteElo "2192"]
[BlackElo "2228"]
[PlyCount "65"]
[EventDate "2006.10.15"]
[EventType "team-tourn"]
[EventRounds "9"]
[EventCountry "GER"]
[SourceTitle "EXT 2019"]
[Source "ChessBase"]
[SourceDate "2018.10.10"]
[SourceVersion "1"]
[SourceVersionDate "2018.10.10"]
[SourceQuality "1"]
[WhiteTeam "Hamburg Koenigsspringer"]
[BlackTeam "Hamburger SK III"]
[WhiteTeamCountry "GER"]
[BlackTeamCountry "GER"]

1. e4 e5 2. Nf3 Nc6 3. d4 exd4 4. Nxd4 Bc5 5. Be3 Qf6 6. c3 Nge7 7. Bc4 Ne5 8. Be2 Qg6 9. 0-0 d6 10. f4 Qxe4 11. Bf2 Qxf4 12. Nb5 Ng4 13. Bxg4 Bxg4 14. Nxc7+ Kd7 15. Qe1 Bxf2+ 16. Rxf2 Qe5 17. Qxe5 dxe5 18. Nxa8 f5 19. Rd2+ Kc6 20. Na3 Rxa8 21. Nc4 Ng6 22. Ne3 Ne7 23. Nxg4 fxg4 24. Re1 Ng6 25. Re4 h5 26. Rc4+ Kb5 27. b3 Nf4 28. Kf2 Re8 29. Ke3 Re7 30. g3 Nh3 31. Rd5+ Kb6 32. Rd6+ Kb5 33. a4+ 1-0